00950nam a2200217 a 450000100100000000500170001000800410002704000250006808200200009310000260011324500630013926000430020230000270024565000280027265000310030004900090033195201330034095201180047395201240059199900170071500002599820240412074252.0110225s2005 dr a 000 0 spa d aDO-SdBNPbspacBNPHU aRD861.44bV145c1 aValdez, Santos95289610aCartas en versos al amor y a la sociedad /cSantos Valdez. a[Santo Domingo] :bLa Escalera,c2005. a87 p. :bil. ;c22 cm. 0aPoesía dominicana966 0aLiteratura dominicana.967 aBNPD 001054708DSaGRbGRcCTd2011-04-18iLF1l0oRD861.44 V145cp25998-30r2020-06-25te. 3w2020-06-25yLFDSZPréstamo en sala 0010718PDaPDbPDcCTd2011-02-25iLF1l0oRD861.44 V145cp25998-10r2020-06-25w2020-06-25yLFPDZNo se presta 0010718PDaPDbPDcCTd2011-02-25iLF1l0oRD861.44 V145cp25998-20r2020-06-25te. 2w2020-06-25yLFPDZNo se presta c25490d25490